NBA 2K24 Best Player Per Team - Statistics

General Stats
  • This quiz has been taken 6,043 times
    4,851 since last reset
  • The average score is 27 of 32
Answer Stats
Team Rating Answer % Correct
Philadelphia 76ers 98 Joel Embiid
99%
Los Angeles Lakers 96 LeBron James
99%
Dallas Mavericks 97 Luka Dončić
99%
Denver Nuggets 98 Nikola Jokić
99%
Oklahoma City Thunder 97 Shai Gilgeous-Alexander
99%
Golden State Warriors 95 Stephen Curry
99%
Milwaukee Bucks 97 Giannis Antetokounmpo
98%
Boston Celtics 95 Jayson Tatum
98%
Phoenix Suns 96 Kevin Durant
98%
Minnesota Timberwolves 95 Anthony Edwards
97%
Memphis Grizzlies 93 Ja Morant
97%
New York Knicks 94 Jalen Brunson
96%
Atlanta Hawks 89 Trae Young
96%
Cleveland Cavaliers 93 Donovan Mitchell
95%
Miami Heat 93 Jimmy Butler
95%
Los Angeles Clippers 92 Kawhi Leonard
95%
Charlotte Hornets 88 LaMelo Ball
95%
Indiana Pacers 91 Tyrese Haliburton
94%
San Antonio Spurs 89 Victor Wembanyama
93%
New Orleans Pelicans 88 Zion Williamson
92%
Sacramento Kings 90 Domantas Sabonis
89%
Orlando Magic 89 Paolo Banchero
89%
Detroit Pistons 86 Cade Cunningham
86%
Chicago Bulls 88 DeMar DeRozan
78%
Utah Jazz 86 Lauri Markkanen
78%
Toronto Raptors 85 Scottie Barnes
73%
Houston Rockets 86 Alperen Şengün
70%
Washington Wizards 83 Kyle Kuzma
58%
Brooklyn Nets 83 Cam Thomas
57%
Brooklyn Nets 83 Nic Claxton
48%
Portland Trail Blazers 85 Deandre Ayton
45%
Brooklyn Nets 83 Mikal Bridges
43%
No matching quizzes found
Score Distribution
Percent of People with Each Score
Percentile by Number Answered
Your Score History
You have not taken this quiz since the last reset